| 000 | 00431nam a2200181Ia 4500 | ||
|---|---|---|---|
| 005 | 20240823040008.0 | ||
| 008 | 240823s9999||||xx |||||||||||||| ||und|| | ||
| 041 | _aENGLISH | ||
| 082 | _A621.4022 P4 | ||
| 100 | _aDomkundwar & Domkundwar | ||
| 245 | 0 | _aHeat & Mass Transfer | |
| 250 | _a2nd | ||
| 260 |
_c2004 _bDhanpat Rai & _aDelhi |
||
| 500 | _aTRANSFERED | ||
| 650 |
_aHeat _bMechanical |
||
| 942 | _cBK | ||
| 999 |
_c202023 _d202023 |
||